| 000 | 00526nam a2200145Ia 4500 | ||
|---|---|---|---|
| 008 | 170224s9999 xx 000 0 und d | ||
| 100 | _aAndreas M. Ryschka | ||
| 245 | 4 | _aThe Effect of Social Media on Reputation During a Crisis Event in the Cruise Line Industry | |
| 245 | _cAndreas M. Ryschka, Darla J. Domke-Damonte, J. Kay Keels & Ruediger Nagel | ||
| 260 | _bInternational Journal of Hospitality & Tourism Administration | ||
| 260 | _c2016 | ||
| 300 | _a17:2, Pages: 198-221 | ||
| 500 | _a2016 | ||
| 650 | _xTourism. | ||
| 999 |
_c315628 _d315628 |
||